| 000 | 00797nam a2200205 a 4500 | ||
|---|---|---|---|
| 003 | 0 | ||
| 005 | 20250212091839.0 | ||
| 008 | 120719s19uu xx 00 eng d | ||
| 050 |
_aPGS LB 1027.23 _b.T136 2012 |
||
| 100 | _aTakahashi, Arumina E. | ||
| 245 |
_aLevel of interest in science between Filipino and Korean / _cArumina E. Takahashi. |
||
| 260 |
_aLas Piñas City, Philippines : _bSouthville International School and Colleges, _c2012. |
||
| 300 |
_a16 pages : _billustrations ; _c28 cm. |
||
| 504 | _aIncludes bibliographical references. | ||
| 650 |
_aScience _vStudy and teaching – Psychological aspects. |
||
| 650 |
_aScience _vStudy and teaching – Cross-cultural studies. |
||
| 650 | _aStudent motivation. | ||
| 650 | _aInterest (Psychology) in children. | ||
| 942 |
_2lcc _cPASS |
||
| 999 |
_c98749 _d98749 |
||